Les nombreuses identités d'Arsène Lupin - Statistiques

Statistiques générales
  • Ce quiz a été pris 11 fois
  • Le résultat moyen est 5 sur 46
Statistiques - réponses
Hint Réponse % Correct
Le Triangle d'or / L'Île aux trente cercueils / La Femme aux deux sourires Don Luis Perenna
71%
La Femme aux deux sourires M. Raoul
71%
813 - La double vie d’Arsène Lupin Paul Sernine
71%
L'anneau nuptial (Les Confidences d'A.L) / Les milliards d'A.L. Horace Velmont
43%
Le Piège infernal (Les Confidences d'A.L.) M. Delangle
29%
Le Bouchon de cristal Michel Beaumont
29%
La comtesse de Cagliostro Raoul D'Andrésy
29%
L'arrestation d'Arsène Lupin (A.L. Gentleman Cambrioleur) Bernard D'Andrésy
14%
Le Collier de la reine (A.L. Gentleman Cambrioleur) Chevalier Floriani
14%
813 - La double vie d’Arsène Lupin Commissaire Lenormand
14%
L'évasion d'Arsène Lupin (A.L. Gentleman Cambrioleur) Désiré Baudru
14%
L'Aiguille Creuse Étienne de Vaudreix
14%
La perle noire (A.L. Gentleman Cambrioleur) Grimaudan
14%
Le Mystérieux Voyageur (A.L. Gentleman Cambrioleur) Guillaume Berlat
14%
Le sept de cœur (A.L. Gentleman Cambrioleur) Jean Daspry
14%
L'Agence Barnett et Cie Jim Barnett
14%
L'Aiguille Creuse Louis Valméras
14%
Les Huit Coups de l'horloge Serge Rénine
14%
813 - La double vie d’Arsène Lupin André Beauny
0%
Le Dernier Amour d'Arsène Lupin André de Savery
0%
L'Aiguille Creuse Anfredi
0%
813 - La double vie d’Arsène Lupin Barbareux
0%
Le Signe de l’ombre (Les Confidences d'A.L.) Capitaine Janniot
0%
Herlock Sholmès arrive trop tard (A.L. Gentleman Cambrioleur) Colonel Beauvel
0%
Édith au cou de cygne (Les Confidences d'A.L.) Colonel Sparmiento
0%
La dame blonde (A.L. contre Herlock Sholmès) Félix Davey
0%
Arsène Lupin - pièce de théâtre Jacques de Charmerace
0%
Le Mariage d’A.L. (Les Confidences d'A.L.) Jacques d’Emboise
0%
Le Cabochon d'émeraude / La Demeure mystérieuse Jean d'Enneris
0%
L’Écharpe de soie rouge (Les Confidences d'A.L.) Jean Dubreuil
0%
Gants blancs… guêtres blanches… (L'Agence Barnett et Cie) Laureins
0%
813 - La double vie d’Arsène Lupin Le Colonel
0%
Victor de la Brigade mondaine Marcos Avisto
0%
La dame blonde (A.L. contre Herlock Sholmès) Maxime Bermont
0%
Les Dents du Tigre M. Lecoq
0%
Le Bouchon de cristal M. Nicole
0%
La Mort qui rôde (Les Confidences d'A.L.) Paul Daubreuil
0%
Les Milliards d'A.L. Paule Sinner
0%
La Barre-y-va Raoul d’Avenac
0%
La Cagliostro se venge Raoul d’Averny
0%
La Demoiselle aux yeux verts Raoul de Limézy
0%
Le Piège infernal (Les Confidences d'A.L.) Raoul d’Enneris
0%
apprenti du prestidigitateur Dickson (en 1884) Rostat
0%
La Demoiselle aux yeux verts Sauvinoux
0%
Béchoux arrête Jim Barnett (L'Agence Barnett et Cie) Sylvestre
0%
Victor de la Brigade mondaine Victor Hautin
0%
Aucun quiz correspondant
Distribution des résultats
% des personnes avec chaque résultat
Percentile par nombre de réponses
Votre historique - résultats
Vous n’avez pas pris ce quiz